000 00568nam a22002177a 4500
003 UA-OsUOA
001 122187
007 ta
008 20170421b un ||||| |||| 00| 0 ukr d
100 _aЗорій М.
090 _a94(477)
_bЗ-86
942 _cSA
040 _aUA-OsUOA
_bukr
_cUA-OsUOA
_dUA-OsUOA
245 _aПро голод на Великій Україні 1946-1947 років
300 _aС.12
955 _a0
041 _aukr
080 _a94(477)
773 0 _w122186
650 7 _a9 Географія. Біографії. Історія
_2UDC
999 _c408389
_d408389